MDQL
is popping MORE tags! Check the
thread
!
Quizzes
Events
Quiz Creation
Community
Videos
Private Events
Remove Ads
Sign In
Join for FREE
Feedback
Dark Mode
Quiz Categories
Sports
Geography
Music
Movies
Television
Just For Fun
Miscellaneous
History
Literature
Language
Science
Gaming
Entertainment
Religion
Holiday
For Kids
Quiz Lab
Recent
Popular Today
Quiz Kudos Today
Editor Picks
Curator Picks
Quizzes by...
Day
Popularity
Type
Ratings
Length
Year
Community
Subscriptions
Recent Discussions
Orange Saloon
Badges
Playlists
Quests
Create
Leaderboards
Showdown
Live 5
Trivia Bingo
Activity
Puzzle Library
Sporcle Events
Private Events
Virtual Trivia
Globe League
Become a Host
Pub Owners
SporcleCon
Opinionation
Our Games
Videos
Blog
Mobile Apps
Partnerships
Remove Ads and Go Orange
Feedback
Sports
Athletes
MLB
NBA
NHL
NFL
Soccer
Sports Teams
WWE
NCAA
Football
Premier League
Basketball
Baseball
Hockey
Golf
Tennis
Cricket
Rugby
Auto Racing
Olympics
World Cup
Sports
Athletes
MLB
NBA
NHL
NFL
Soccer
Sports Teams
WWE
NCAA
Football
Premier League
Basketball
Baseball
Hockey
Golf
Tennis
Cricket
Rugby
Auto Racing
Olympics
World Cup
Random Quiz
Search Sporcle
×
Quiz Lab
Quiz Lab
Sports
WWE
Type in answers that appear in a list
Type in answers that appear in a list
Classic
Best Score? Go Orange.
WWE Royal Rumble Starters All-Time Stats
Can you name the Wrestlers who drew numbers 1 & 2 in the WWE Royal Rumble All-Time?
By
RoaringElbow
5m
50 Questions
1,048 Plays
1,048 Plays
1,048 Plays
Comments
Comments
Give Quiz Kudos
Give Quiz Kudos
-
- Ratings
hide this ad
Replay
Link that replays current quiz
Next Quiz
Link to next quiz in quiz playlist
You Got
0%
They Got
Avg Score
63%
Avg Friend Score
Upgrade to see
Score Distribution
Jump to the score distribution portion of the page
Score
0/50
Timer
05:00
0
Plays Today
Year
Wrestler
% Correct
1995
Shawn Michaels
95.6%
2003
Shawn Michaels
95.6%
2008
Shawn Michaels
95.6%
1996
Hunter Hearst Helmsley
88.2%
2006
Triple H
88.2%
2006
Rey Mysterio
86.4%
2009
Rey Mysterio
86.4%
2008
The Undertaker
86.2%
2004
Chris Benoit
84.6%
2005
Chris Benoit
84.6%
1999
Steve Austin
84.4%
1993
Ric Flair
82.3%
2007
Ric Flair
82.3%
1988
Bret Hart
80.8%
1991
Bret Hart
80.7%
2003
Chris Jericho
78.3%
1999
Vince McMahon
77.9%
2004
Randy Orton
75.5%
1992
The British Bulldog
72.8%
1995
The British Bulldog
72.8%
2005
Eddie Guerrero
68.8%
1990
Ted Dibiase
67.7%
1992
Ted Dibiase
67.7%
2012
The Miz
66.5%
2011
CM Punk
65.9%
Year
Wrestler
% Correct
2001
Jeff Hardy
65.2%
2010
Dolph Ziggler
63.6%
1998
Cactus Jack
59.4%
1989
Ax
58.6%
1989
Smash
57.4%
2002
Rikishi
57.4%
2002
Goldust
51.5%
2011
Daniel Bryan
51.2%
2009
John Morrison
50.6%
2000
D'Lo Brown
49%
1998
Chainsaw Charlie
48.5%
1988
Tito Santana
47.8%
1993
Bob Backlund
46.6%
2007
Finlay
45.3%
2012
Alex Riley
44.6%
2010
Evan Bourne
43.6%
2000
Grand Master Sexay
42.9%
1994
Scott Steiner
41.2%
1997
Crush
40.1%
1997
Ahmed Johnson
38.6%
1990
Koko B. Ware
36%
1996
Henry Godwinn
35%
1994
Samu
34.1%
2001
Bull Buchanan
34%
1991
Dino Bravo
32.7%
Quiz Playlist
Details
Report
Send in Message
Add To Playlist
Classic:
Type in answers that appear in a list
Quiz Source
Last Updated: Jul 1, 2017
Quiz Scoreboard
CHALLENGE
Sign Up to Join the Scoreboard
Show All
Scores
Hide
Comments
May contain spoilers
Recently Published
1-10 Letter E Words III
by El_Dandy
Language
2m
Street Fighter Characters
by Artimus82
Gaming
60s
College Basketball Coaching Resumes
by pancakes188
Sports
9m
More to Explore
Quiz From the Vault
Featured Blog Post
Where Did the Easter Bunny Come From?
hide this ad
You Might Also Like...
Tags
WWE Quiz
Raw
Royal Rumble
Smackdown
Wrestling
WWF
Today's Top Quizzes in Sports
Browse Sports
hide this ad
Today's Top Quizzes in WWE
Browse WWE
Top Contributed Quizzes in Sports
1
2022 World Cup Stars
2
Les meilleurs buteurs des matchs entre le PSG et l’OM
3
FIFA Club World Cup Champions
4
Les entraîneurs de l'OM et du PSG au 21e siècle
5
Criteria MLB: Left Handed Sluggers
6
2023 MLB Unique Player Accomplishments
7
AFC Teams Reveal (Wrong Answers Minefield)
8
Players with Multiple 50 Home Run Seasons
9
5-to-1: FBS Animal Nicknames
10
5-to-1: UK Sports Teams
Explore More
Trending Topics
Harry Potter
NBA
Kpop
Marvel
Anime
Disney
Crossword
Pokémon
Soccer
The Office
Puzzle
Song
WWE
NFL
Country
hide this ad
More By:
RoaringElbow
Quiz
Plays
Rating
Category
Featured
Created
WWE SummerSlam Main Events
115,155
4.32
Sports
Apr 9, 2010
All WWE Championship Reigns in Order
17,585
3.55
Sports
Jun 22, 2010
WWE Monday Night Raw Main Events 1999
9,069
4.41
Sports
Apr 28, 2012
2013 WWE Royal Rumble
9,027
4.30
Sports
Jan 27, 2013
2000 WWE Royal Rumble
7,532
4.18
Sports
Feb 3, 2010
Go to Creator's Profile
Score Distribution
Quiz Creator Spotlight
RoaringElbow
Follow
Send a Message
Quizzes Created
-
Created Quiz Play Count
-
More By This Creator
Popular Quizzes Today
1
Find the US States - No Outlines Minefield
2
Find the Countries of Europe - No Outlines Minefield
3
The Countries of the World
4
Find the US States
5
Risky Map Clicking: Biggest States A-Z
6
US States
7
Popular People in 1961
8
Movies - When Are They Set?
More Sports Quizzes
Premier League goalscorers: Scotland (2010s)
Quiz Lab
Trending Quizzes
Risky Map Clicking: Least Populous States A-Z
Billboard Blitz: Aretha Franklin
1-10 Letter G Words
Countries of the World: 200 Million BC
1-10 Letter F Words
Recently Updated
Leaping Animals
pecheneg
Reality TV Shows (A-Z)
bhenderson79
Rickey Henderson's Hall of Fame Teammates
pecheneg
Champions League XIs: Arsenal
pecheneg
Quick Pick: Celebrities in WWE's Hall of Fame
aduchscher
A-Z Keypad Blitz II
pecheneg
Multiple Oscar Actors
pecheneg
Mystery Phrase Blitz: Oscar 'Best Actors'
pecheneg
F. Scott Fitzgerald Novels
LTH
Pick 3 Villains
ddd62291
Trending Topics
Harry Potter
Crossword
Anime
Kpop
Disney
Marvel
NBA
Puzzle
The Office
Soccer
Song
WWE
Pokémon
NFL
Country
Your Account Isn't Verified!
In order to create a playlist on Sporcle, you need to verify the email address you used during registration. Go to your
Sporcle Settings
to finish the process.
Report this User
Report this user for behavior that violates our
Community Guidelines
.
Details:
Send Report
Go to the Sporcle.com Mobile Site →
Comments